| 000 | 00359nam a2200145Ia 4500 | ||
|---|---|---|---|
| 008 | 150201s2011 xx 000 0 und d | ||
| 082 |
_a610.7367 _bM11R |
||
| 100 | _aRAO, KAMINI | ||
| 245 | _aTB. OF MIDWIFERY & OBSTETRICS FOR NURSES | ||
| 250 | _a1ST | ||
| 260 |
_bELSEVIER _aINDIA _c2011 |
||
| 300 | _a649 | ||
| 650 | _aOBST. & GYNEA. | ||
| 942 |
_2ddc _cBK _018 |
||
| 999 |
_c2162 _d2162 |
||